Demonyms of the World - Statistics

General Stats
  • This quiz has been taken 140 times
    117 since last reset
  • The average score is 126 of 196
Answers on the Map
Answers color-coded by a green-red scale on the quiz's map according to % correct below.
 
Answer Stats
Demonym % Correct
American
99%
Canadian
99%
Russian
97%
Mexican
96%
German
94%
Icelandic
94%
French
92%
Italian
92%
Portuguese
92%
Brazilian
91%
British
91%
Finnish
91%
Irish
91%
Spanish
91%
Swedish
91%
Cuban
90%
Swiss
90%
Ukrainian
90%
Australian
89%
Chilean
89%
Chinese
89%
Japanese
89%
Turkish
89%
Colombian
88%
Indian
88%
Austrian
87%
Danish
87%
Greek
87%
Korean (DPRK)
87%
Korean (ROK)
87%
Polish
87%
Argentinian
85%
Croatian
85%
Dominican (Dominica)
85%
Dominican (Dominican Republic)
85%
Estonian
85%
Latvian
85%
Slovak
85%
Czech
84%
Romanian
84%
Algerian
83%
Belgian
83%
Dutch
83%
Egyptian
83%
Haitian
83%
Mongolian
83%
Norwegian
83%
Pakistani
83%
Peruvian
83%
Slovenian
83%
South African
83%
Venezuelan
83%
Lithuanian
82%
Afghan
81%
Albanian
81%
Bolivian
81%
Ethiopian
81%
Hungarian
81%
Indonesian
81%
Iraqi
81%
Nigerian
81%
Nigerien
81%
Vietnamese
81%
Belarusian
80%
Bosnian, Herzegovinian
80%
Libyan
80%
Nepali
80%
Serbian
80%
Bulgarian
79%
Thai
79%
Costa Rican
78%
Ecuadorian
78%
Moldovan
78%
Somalian
78%
Tunisian
78%
Iranian
76%
Jamaican
76%
Sri Lankan
76%
Sudanese
76%
Syrian
76%
Armenian
75%
Cambodian
75%
Filipino
75%
Georgian
75%
Kenyan
74%
Malaysian
74%
Moroccan
74%
Yemeni
74%
Bhutan
73%
Macedonian
73%
Namibian
73%
Omani
73%
Saudi Arabian
73%
Guatemalan
72%
Israeli
72%
Azerbaijani
71%
Bangladeshi
71%
Tanzanian
71%
Uzbekistani
71%
Kazakhstani
70%
Qatari
70%
Taiwanese
70%
Turkmen
70%
Uruguayan
70%
Eritrean
69%
Malian
69%
Maltese
69%
Myanma, Burmese
69%
Tajikistani
69%
Zambian
69%
Chadian
67%
Guinean
67%
Lebanese
67%
Nicaraguan
67%
Angolan
66%
Paraguayan
66%
Papuan
63%
Congolese (DRC)
62%
Congolese (ROC)
62%
Honduran
62%
Jordanian
62%
Mauritanian
62%
New Zealander
62%
Senegalese
62%
Gambian
61%
Guyanese
61%
Kuwaiti
61%
Liberian
61%
Andorran
60%
Samoan
60%
Surinamese
60%
Ugandan
60%
Kyrgyzstani
58%
Gabonese
57%
Salvadorian
56%
Zimbabwean
56%
Fijian
55%
Cameroonian
54%
Djiboutian
54%
Micronesian
54%
Panamanian
54%
Bahraini
53%
Botswana
53%
Malawian
53%
Rwandan
53%
Tongan
53%
Bahamian
52%
Montenegrin
52%
Trinidadian, Tobagorian
51%
Kiribati
49%
Palauan
49%
Nauruan
48%
Singaporean
48%
Cypriot
47%
Emirati
47%
Burundian
45%
Grenadian
44%
Maldivian
44%
Saint Lucian
44%
Central African
43%
Belizean
42%
Antiguan, Bermudan
40%
Beninese
40%
Vanuatuan
39%
Barbadian
38%
Laotian
38%
Tuvaluan
38%
Monacan, Monegasque
37%
Luxembourger
36%
Solomon Islander
35%
Togolese
35%
Bruneian
33%
Liechtensteiner
31%
Ghanaian
29%
Ivorian
29%
Marshallese
28%
Cape Verdean
27%
Kosovar
27%
Timorese
27%
Malagasy
26%
Sierra Leonean
25%
São Toméan
19%
Kittitian, Nevisian
16%
Seychellois
15%
Vaticanian
15%
Burkinabe
13%
Sammarinese
13%
Comorian
12%
Bissau-Guinean
11%
Mozambican
11%
Equatoguinean
10%
Vincentian
10%
Basotho
8%
Mauritiun
2%
Liswati
1%
South Sudaneese
1%
No matching quizzes found
Score Distribution
Percent of People with Each Score
Percentile by Number Answered
Your Score History
You have not taken this quiz since the last reset